Registrace platců daně z přidané hodnoty - již od 1. července.
Ustanovenie parag. 52, odst. 1 a 2 daňového zákona, týkajúci sa dane z pridanej hodnoty, nadobúda účinnosť už od 1. júla 1992. Týka sa registrácie platiteľov pri prechode na nový systém dane z pridanej hodnoty. Uvedenie toho, kto má povinnosť sa zaregistrovať, kedy vzniká nárok na odpočet dane z obr...
Salvato in:
| Autore principale: | |
|---|---|
| Natura: | Capitolo di libro |
| Lingua: | ceco |
| Soggetti: | |
| Tags: |
Nessun Tag, puoi essere il primo ad aggiungerne!!
|
MARC
| LEADER | 00000naa a2200000 4500 | ||
|---|---|---|---|
| 001 | r008381 | ||
| 005 | 20220831084054.7 | ||
| 041 | 0 | |a cze | |
| 044 | |a [CS] | ||
| 245 | 1 | 0 | |a Registrace platců daně z přidané hodnoty - již od 1. července. |c J. Svátková |
| 520 | |a Ustanovenie parag. 52, odst. 1 a 2 daňového zákona, týkajúci sa dane z pridanej hodnoty, nadobúda účinnosť už od 1. júla 1992. Týka sa registrácie platiteľov pri prechode na nový systém dane z pridanej hodnoty. Uvedenie toho, kto má povinnosť sa zaregistrovať, kedy vzniká nárok na odpočet dane z obratu a ako sa môžu registrovať drobní podnikatelia. | ||
| 610 | 2 | 0 | |a dane |
| 610 | 2 | 0 | |a dane z hodnoty pridanej |
| 610 | 2 | 0 | |a predpisy právne |
| 610 | 2 | 0 | |a podnikatelia |
| 610 | 2 | 0 | |a dane z obratu |
| 100 | 1 | |a Svátková, J. | |